90 câu hỏi-đáp nuôi và kinh doanh Đà Điễu

সংরক্ষণ করুন:
গ্রন্থ-পঞ্জীর বিবরন
প্রধান লেখক: Việt Chương
বিন্যাস: গ্রন্থ
ভাষা:Undetermined
প্রকাশিত: Hải phòng Hải Phòng 2004
বিষয়গুলি:
ট্যাগগুলো: ট্যাগ যুক্ত করুন
কোনো ট্যাগ নেই, প্রথমজন হিসাবে ট্যাগ করুন!
Thư viện lưu trữ: Trung tâm Học liệu Trường Đại học Cần Thơ
LEADER 00545nam a2200193Ia 4500
001 CTU_74326
008 210402s9999 xx 000 0 und d
020 |c 9000 
082 |a 636.694 
082 |b V308 
100 |a Việt Chương 
245 0 |a 90 câu hỏi-đáp nuôi và kinh doanh Đà Điễu 
245 0 |c Việt Chương 
260 |a Hải phòng 
260 |b Hải Phòng 
260 |c 2004 
650 |a Animal husbandry,Ostriches 
904 |i Năm 
980 |a Trung tâm Học liệu Trường Đại học Cần Thơ